000
00341 a2200169 4500
001
61902
020
_a
9788575961834
040
_c
Anchieta - Pituba
100
_a
Guazzelli
240
1
0
_a
Demônios
_l
por
245
1
0
_a
Demônios
300
_a
362
0
_a
2010
440
1
_a
Peirópolis
650
4
_a
Literatura juvenil
942
_c
BK
999
_c
61902
_d
61902